Essentials of pathophysiology for nursing practice (Record no. 86670)

MARC details
000 -LEADER
fixed length control field 00844nam a22002537a 4500
003 - CONTROL NUMBER IDENTIFIER
control field CBULib
005 - DATE AND TIME OF LATEST TRANSACTION
control field 20260223140230.0
008 - FIXED-LENGTH DATA ELEMENTS--GENERAL INFORMATION
fixed length control field 260223b |||||||| |||| 00| 0 eng d
020 ## - INTERNATIONAL STANDARD BOOK NUMBER
International Standard Book Number 9781526494818
040 ## - CATALOGING SOURCE
Language of cataloging English
Transcribing agency CBULib
Modifying agency CBULib
Description conventions rda
041 ## - LANGUAGE CODE
Language code of text/sound track or separate title eng
050 ## - LIBRARY OF CONGRESS CALL NUMBER
Classification number RB 113 Coo
100 ## - MAIN ENTRY--PERSONAL NAME
9 (RLIN) 5215
Personal name Cook, Neal
245 ## - TITLE STATEMENT
Title Essentials of pathophysiology for nursing practice
Statement of responsibility, etc / by Neal Cook; Andrea Shepherd; Jennifer Boore and Stephanie Dunleavy
260 ## - PUBLICATION, DISTRIBUTION, ETC. (IMPRINT)
Place of publication, distribution, etc Los Angeles:
Name of publisher, distributor, etc Sage,
Date of publication, distribution, etc 2019.
300 ## - PHYSICAL DESCRIPTION
Extent vi,695 pages: illustrations
336 ## - CONTENT TYPE
Source rdacontent
Content type term Text |
Content type code txt
337 ## - MEDIA TYPE
Source rdamedia
Media type term Unmediated |
Media type code n
338 ## - CARRIER TYPE
Source rdacarrier
Carrier type term Volume
Carrier type code nc
650 #0 - SUBJECT ADDED ENTRY--TOPICAL TERM
Source of heading or term Library of congress
9 (RLIN) 5380
Topical term or geographic name as entry element PHYSIOLOGY ,PATHOLOGICAL--TEXTBOOKS
700 ## - ADDED ENTRY--PERSONAL NAME
9 (RLIN) 5107
Personal name Shepherd, Andrea
700 ## - ADDED ENTRY--PERSONAL NAME
9 (RLIN) 5108
Personal name Dunleavy, Stephanie
942 ## - ADDED ENTRY ELEMENTS (KOHA)
Source of classification or shelving scheme
Koha item type MONOGRAPH
Holdings
Withdrawn status Lost status Source of classification or shelving scheme Damaged status Not for loan Collection code Permanent Location Current Location Shelving location Date acquired Source of acquisition Total Checkouts Full call number Barcode Date last seen Copy number Price effective from Koha item type
          Michael Chilufya Sata Collection CBU-MICHAEL CHILUFYA SATA LIBRARY CBU-MICHAEL CHILUFYA SATA LIBRARY General Stacks 02/23/2026 Book aid International   RB 113 Coo 934309 02/23/2026 63.74 02/10/2026 MONOGRAPH
          Medical Library Collection CBU-SCHOOL OF MEDICINE LIBRARY, NDOLA. CBU-SCHOOL OF MEDICINE LIBRARY, NDOLA. General Stacks 02/23/2026 Book aid International   RB 113 Coo 934310 02/23/2026 63.74 02/10/2026 MONOGRAPH